|
|
|
|
| LEADER |
00000ny a22000003n 4500 |
| 005 |
20110614144330.0 |
| 008 |
030728s2001 sp 001 0 spa d |
| 017 |
|
|
|a D.L.B41901-01
|
| 020 |
|
|
|a 9788495665102
|
| 035 |
|
|
|a 3241
|
| 040 |
|
|
|a 280790025 M-BN
|d vLex
|
| 080 |
|
|
|a 347.6
|
| 080 |
|
|
|a 347.65
|
| 090 |
|
|
|c 684
|d 684
|
| 100 |
1 |
|
|a Barrǹ Arniches, Paloma de
|
| 245 |
1 |
3 |
|a El pacto de renuncia a la legt̕ima futura
|h [Recurso electrn̤ico]
|c Paloma de Barrn̤ Arniches
|
| 256 |
|
|
|a Servicio en ln̕ea
|
| 260 |
|
|
|a Rub ̕(Barcelona) :
|b Cedecs,
|c 2001
|
| 300 |
|
|
|a 343 p. ;
|c 23 cm
|
| 504 |
|
|
|a Bibliografa̕: p. 321-343
|
| 506 |
1 |
|
|a Contenido solo disponible en los productos indicados
|d vLex Global
|d vLex Global (Academic Edition, excluding Law Schools)
|d vLex Global (U.S. Academic Edition, Law Schools)
|d vLex Global (U.S. Academic Edition, excluding Law Schools)
|d vLex Global (Academic Edition, Law Schools)
|
| 650 |
0 |
7 |
|a Legt̕ima
|2 Tesauro vLex
|
| 650 |
0 |
7 |
|a Sucesorio
|2 Tesauro vLex
|
| 650 |
0 |
7 |
|a Renuncia a la legitima futura
|2 Tesauro vLex
|
| 650 |
0 |
7 |
|a Legitima futura
|2 Tesauro vLex
|
| 740 |
0 |
|
|a vLex Libros (Servicios en ln̕ea)
|
| 856 |
4 |
0 |
|u http://vlex.com/source/3241
|z Acceso restringido
|
| 942 |
|
|
|c BOOK
|
| 999 |
0 |
|
|a Illegitimacy
|b Barcelona
|